000 00336nam a2200145Ia 4500
005 20250320232242.0
008 240331s9999 xx 000 0 und d
082 _bPAV
_a894
100 _aPavannan,
245 0 _aPavannan kathaikal
260 _aShivagangai
_bAkaram Achagam
_c1990
300 _a154 p .,
650 _aNoval
942 _cL
999 _c4058
_d4058